Pastoral de nuestro santísimo padre Benedicto XIV (Record no. 8157)

MARC details
000 -CABECERA
campo de control de longitud fija 01655nam a2200289 a 4500
001 - NÚMERO DE CONTROL
campo de control BRCA_8490
003 - IDENTIFICADOR DEL NÚMERO DE CONTROL
campo de control FranzMayer
005 - FECHA Y HORA DE LA ÚLTIMA TRANSACCIÓN
campo de control 20230724102753.0
008 - DATOS DE LONGITUD FIJA--INFORMACIÓN GENERAL
campo de control de longitud fija 280416s1790----sp-#######---#000-0#spa-#
040 ## - FUENTE DE LA CATALOGACIÓN
Centro catalogador/agencia de origen MFM
Centro/agencia transcriptor MFM
041 ## - CÓDIGO DE LENGUA
Código de lengua del texto/banda sonora o título independiente spa
044 ## - CÓDIGO DEL PAÍS DE LA ENTIDAD EDITORA/PRODUCTORA
Código MARC del país sp
084 ## - OTRO NÚMERO DE CLASIFICACIÓN
Número de clasificación BE5
Número de documento/Ítem .P37 1790
245 10 - MENCIÓN DE TÍTULO
Título Pastoral de nuestro santísimo padre Benedicto XIV
Resto del título de gloriosa memoria, siendo Cardenal Arzobispo de la Santa Iglesia de Bolonia ; e instrucciones eclesiásticas para su diócesi
Mención de responsabilidad, etc. traducidas del toscano por el Fr. Juan Facundo Raulin.
260 ## - PUBLICACIÓN, DISTRIBUCIÓN, ETC.
Lugar de publicación, distribución, etc. Madrid
Nombre del editor, distribuidor, etc. En la Imprenta Real
Fecha de publicación, distribución, etc. 1790
300 ## - DESCRIPCIÓN FÍSICA
Extensión [38], 384 p. (t.1, 6a impresión)
Dimensiones 21.5 x 15 cm.
500 ## - NOTA GENERAL
Nota general Estado físico : cintas rotas y lomo semi desprendido
500 ## - NOTA GENERAL
Nota general Con marca de fuego : ´Procedencia de la marca: Convento de San Francisco de Querétaro(1). Institución: Orden de Frailes Menores. Provincia de San Pedro y San Pablo de Michoacán. Descripción: Monograma conformado por las letras iniciales S[an] F[rancisco] D[e] Q[uerétar]o. Observaciones: David Saavedra la asigna a la Academia de Dibujo de San Fernando de Querétaro. Ubicación de la marca en el libro: Canto superior, inferior y lateral´
500 ## - NOTA GENERAL
Nota general Ver también : BE3 (tomo 2, 1769), BE13 (tomo 2, 1764) y BE93 (tomo 2, 1769)
600 14 - PUNTO DE ACCESO ADICIONAL DE MATERIA--NOMBRE DE PERSONA
Nombre de persona Benedicto XIV
Títulos y otros términos asociados al nombre Papa
Fechas asociadas al nombre 1675-1758
9 (RLIN) 21279
650 14 - PUNTO DE ACCESO ADICIONAL DE MATERIA--TÉRMINO DE MATERIA
Término de materia o nombre geográfico como elemento de entrada Iglesia católica
Subdivisión general Disciplina
9 (RLIN) 463
651 #4 - PUNTO DE ACCESO ADICIONAL DE MATERIA--NOMBRE GEOGRÁFICO
Nombre geográfico Bolonia (Arquidiócesis)
9 (RLIN) 21280
700 1# - PUNTO DE ACCESO ADICIONAL--NOMBRE DE PERSONA
Nombre de persona Facundo Raulin, Juan
Término indicativo de función/relación tr.
9 (RLIN) 21281
856 ## - LOCALIZACIÓN Y ACCESO ELECTRÓNICOS
Nombre del host http://www.marcasdefuego.buap.mx:8180/xmLibris/projects/firebrand/item.jsp?repository=marcas_de_fuego&key=520e29d1.xml&num=16
902 ## - CATALOGADOR
Iniciales CFM
942 ## - ELEMENTOS DE PUNTO DE ACCESO ADICIONAL (KOHA)
Fuente del sistema de clasificación o colocación Library of Congress Classification
Tipo de ítem Koha Libros
Holdings
Estado de retiro Estado de pérdida Fuente del sistema de clasificación o colocación Estado dañado No para préstamo Código de colección Localización permanente Ubicación/localización actual Fecha de adquisición Fuente de adquisición Total de préstamos Signatura topográfica completa Código de barras Fecha visto por última vez Precio válido a partir de Tipo de ítem Koha
El ejemplar forma parte de la colección y puede ser consultado según las políticas vigentes.   Library of Congress Classification     Conventual Franz Mayer Biblioteca del Museo Franz Mayer (Rogerio Casas-Alatriste) Biblioteca del Museo Franz Mayer (Rogerio Casas-Alatriste) 15/04/2016 Donación   BE5 .P37 1790 CFM00005 22/03/2019 22/03/2019 Libros